000 01546nam a2200313 a 4500
003 BLK
005 20250205135140.0
007 ta
008 230809b bu |||||r|||| 00| | bu d
020 _a9786190211983
040 _aBLK
041 _aBUL
_cBUL
080 _9236337
_aПечат. Информационна дейност. Книгознание. Документация. Вж и 001.8; 02; 03; 05; 07; 09; 025.4; 347.78; 651.4/.9; 655; 659.2; 8
_b002
_x(091)
_z002(091)
084 _aВ 16
100 _9488755
_aВайехо, Ирене
245 _aБезкраят в стрък тръстика
_bИзобретяването на книгите в античния свят
_cИрене Вайехо ; прев. от исп. Десислава Антова, Захари Омайников
260 _9209486
_aСофия
_bКолибри
_c2023
_fСофия: Дедракс
300 _a589 с.
_c20 см
380 _a0
500 _aОриг. загл.: El infinito en un junco / Irene Vallejo Биогр. данни за авт. отбелязани на гърба на кор.
504 _aБиблиогр.: 574-585
650 0 _9264419
_aКнига - история
700 _9484814
_aАнтова, Десислава Йорданова
700 _9255110
_aОмайников, Захари Стефанов
_eпрев. от исп.
852 _aЦб 319200
_bЦб
856 _i0.00
_ldisable
942 _cKNG
_n0
_05
944 _a30570
_cМоника Янева
_k30575
_lМартин Енчев
999 _c493730
_d493730